Svet je v úžase nad americkým prezidentom

Z inauguračného prejavu amerického prezidenta Donalda Trumpa. Zanietený patriot s ubezpečením, že sa nevzdáva svojho predvolebného hesla Amerika predovšetkým! (America first!). Trump nie je bielou vranou.

Saved in:
Bibliographic Details
Main Author: Pressburg, Adrian Peter
Format: Book Chapter
Language:Slovak
Subjects:
Tags: Add Tag
No Tags, Be the first to tag this record!

MARC

LEADER 00000naa a2200000 4500
001 0226751
005 20170203093611.0
041 0 |a slo 
044 |a SK 
245 1 0 |a Svet je v úžase nad americkým prezidentom  |c Adrian Peter Pressburg 
520 |a Z inauguračného prejavu amerického prezidenta Donalda Trumpa. Zanietený patriot s ubezpečením, že sa nevzdáva svojho predvolebného hesla Amerika predovšetkým! (America first!). Trump nie je bielou vranou. 
610 2 0 |a prezidenti 
610 2 0 |a vzťahy medzinárodné 
610 2 0 |a politika zahraničná 
610 2 0 |a terorizmus 
610 2 0 |a USA 
610 2 0 |a Čína 
100 1 |a Pressburg, Adrian Peter